JD Supra Vietnam

Detalles Bibliográficos
Formato: eBook
Lenguaje:inglés
Publicado: Hani̤: JD Supra, 2019
Materias:
Acceso en línea:Acceso restringido

MARC

LEADER 00000nam a22000007a 4500
005 20190531233153.0
007 cr|||| ||||
008 190531s2019 vn |||||s|||| 00||0 eng d
035 |a 23594 
040 |a vLex 
090 |c 8869  |d 8869 
245 0 0 |a JD Supra Vietnam  |h [Recurso electrn̤ico] / 
256 |a Servicio en ln̕ea 
260 |a Hani̤:  |b JD Supra,  |c 2019 
300 |a 1 recurso electrn̤ico 
506 1 |a Disponible solo en los productos indicados  |d vLex Global  |d vLex Global (Academic Edition, excluding Law Schools)  |d vLex Global (U.S. Academic Edition, Law Schools)  |d vLex Global (U.S. Academic Edition, excluding Law Schools)  |d vLex Global (Academic Edition, Law Schools) 
650 4 0 |a Administracin̤ (Management)  |z Vietnam 
740 0 |a vLex Libros (Servicio en ln̕ea) 
856 4 0 |u http://vlex.com/source/23594  |z Acceso restringido 
942 |c BOOK 
999 0 |a Business Administration